000 00339nam a2200097Ia 4500
008 230915s9999 xx 000 0 und d
050 _aS596.7.I58.C.1
100 _aINTERNATIONAL ATOMIC ENERGY AGENCY
245 0 _aINTERNATIONAL ATOMIC ENERGY AGENCY STABLE ISOTOPES IN PLANT NUTRITION, SOIL FERTILITY AND ENVIRONMENTAL STUDIES
942 _cBK
999 _c63089
_d63089